| 000 | 00377nam a2200157Ia 4500 | ||
|---|---|---|---|
| 008 | 221030s9999 xx 000 0 und d | ||
| 020 | _a0070447608 | ||
| 041 | _aEnglish | ||
| 082 |
_a105.23 _bJai |
||
| 100 | _aP. L. Jain | ||
| 245 | 0 |
_aPrinciples of Foundry Technology _cby P. L. Jain |
|
| 250 | _a4th | ||
| 260 |
_bTMH _aNew Delhi _c2006 |
||
| 650 | _aMechanical | ||
| 942 | _cBK | ||
| 999 |
_c860 _d860 |
||